[Event "Championship Saratov region 2014"]
[Site "Saratov"]
[Date "2014.12.10"]
[Round "5.4"]
[White "Sanzhaev, Darsen"]
[Black "Palin, Denis"]
[Result "1-0"]
[WhiteElo "2344"]
[BlackElo "2108"]
[PlyCount "139"]
[EventDate "2014.12.06"]

1. d4 e6 2. c4 f5 3. g3 Nf6 4. Bg2 d5 5. Nf3 c6 6. O-O Bd6 7. b3 Qe7 8. Ne5 O-O
9. Nd2 b6 10. Ndf3 Bb7 11. Bf4 a5 12. Nd3 Na6 13. Bxd6 Qxd6 14. Nf4 Rac8 15. e3
Rfe8 16. Ne5 g6 17. h4 c5 18. Qe2 Nb4 19. Rfd1 Nc6 20. cxd5 exd5 21. Nxc6 Bxc6
22. dxc5 bxc5 23. Rac1 Red8 24. Qa6 a4 25. b4 Ba8 26. Qxd6 Rxd6 27. bxc5 Rd7
28. Rd4 Bc6 29. Nd3 Bb5 30. Ne5 Rdd8 31. c6 Kg7 32. Rc5 Re8 33. f4 Bc4 34. Nxc4
dxc4 35. Rdxc4 Rxe3 36. c7 Ng4 37. Rc3 Re1+ 38. Bf1 Nf6 39. Kf2 Re6 40. Bg2 Rb6
41. Ke3 Kf7 42. Kd4 Ke7 43. a3 Rd6+ 44. Kc4 Rb6 45. Kd3 Ne8 46. R5c4 Kd6 47.
Rd4+ Ke7 48. Rdc4 Kd6 49. Rxa4 Rxc7 50. Rd4+ Ke7 51. a4 Ra7 52. Bc6 Nf6 53. Rc5
Rb3+ 54. Kc4 Rxg3 55. Re5+ Kf7 56. Kb5 Rb3+ 57. Kc5 Rb1 58. Bb5 Rc7+ 59. Kd6
Ra7 60. Kc6 h6 61. Rd6 Nh5 62. a5 Nxf4 63. a6 Ra1 64. Kb6 Ra8 65. Kb7 Rh8 66.
Bc4+ Kg7 67. Re7+ Kf8 68. Rc7 Rb1+ 69. Kc8 Re1 70. Rf6+ 1-0

[Event "Championship Saratov region 2014"]
[Site "Saratov"]
[Date "2014.12.10"]
[Round "5.5"]
[White "Aseeva, Anastasia"]
[Black "Kruzhilin, Aleksey"]
[Result "0-1"]
[WhiteElo "1983"]
[BlackElo "2059"]
[PlyCount "122"]
[EventDate "2014.12.06"]

1. d4 Nf6 2. c4 e6 3. Nf3 b6 4. g3 Ba6 5. b3 d5 6. cxd5 Nxd5 7. Bg2 Bb4+ 8. Bd2
Be7 9. O-O O-O 10. Nc3 Bb7 11. Re1 c5 12. Nxd5 Bxd5 13. Bc3 Nd7 14. Rc1 Rc8 15.
Bb2 cxd4 16. Qxd4 Bf6 17. Qd2 Bxb2 18. Qxb2 Nc5 19. Red1 Qe7 20. Qe5 Qb7 21.
Qe3 a5 22. Bf1 Na6 23. Ne5 Nb4 24. Qd2 Rc7 25. Nc4 Bxc4 26. Rxc4 Rxc4 27. bxc4
Qc6 28. a3 Na6 29. e3 Nc5 30. Qb2 Qc7 31. Qd4 h6 32. Bg2 Rc8 33. Bf1 Kf8 34. f4
Kg8 35. Qd6 Qxd6 36. Rxd6 Rb8 37. g4 Kf8 38. Kg2 Ke7 39. Rd4 Rc8 40. Kf3 Nb3
41. Rd1 a4 42. h4 Na5 43. Rd4 Rc5 44. Ke4 g6 45. g5 hxg5 46. hxg5 Nb3 47. Rd1
Rc8 48. Be2 Rh8 49. Kf3 Rh3+ 50. Kf2 Rh2+ 51. Kf3 Nc5 52. Rb1 Rh3+ 53. Kf2 Ne4+
54. Kg2 Rxe3 55. Rb2 Rb3 56. Rc2 Rxa3 57. Bf3 Nc5 58. Bc6 Rb3 59. Kf1 a3 60.
Ra2 Rb1+ 61. Ke2 Rb2+ 0-1

[Event "Championship Saratov region 2014"]
[Site "Saratov"]
[Date "2014.12.10"]
[Round "5.6"]
[White "Dmitriev, Igor"]
[Black "Kvitka, Roman"]
[Result "0-1"]
[WhiteElo "2279"]
[BlackElo "2140"]
[PlyCount "74"]
[EventDate "2014.12.06"]

1. Nf3 d5 2. c4 c6 3. e3 Nf6 4. Nc3 e6 5. Qc2 Bd6 6. d4 Nbd7 7. b3 O-O 8. Bb2
Re8 9. Bd3 dxc4 10. bxc4 e5 11. O-O Qe7 12. Bf5 g6 13. Bh3 e4 14. Nd2 Nf8 15.
Bxc8 Raxc8 16. Rfe1 Ng4 17. h3 Nf6 18. a4 h5 19. Qb3 Bb8 20. Nf1 Ne6 21. Ne2 h4
22. Ba3 Qd7 23. Rab1 b6 24. Red1 Ng5 25. Nf4 Qf5 26. d5 Nf3+ 27. gxf3 exf3 28.
d6 Re4 29. Nh2 g5 30. d7 Rd8 31. Kh1 gxf4 32. Rg1+ Kh7 33. c5 Rxd7 34. exf4
Rxf4 35. Rbd1 Qxh3 36. Rxd7 Nxd7 37. cxb6 Rf5 0-1

[Event "Championship Saratov region 2014"]
[Site "Saratov"]
[Date "2014.12.10"]
[Round "5.9"]
[White "Protopopova, Anastasiya"]
[Black "Fedukin, Alexandre"]
[Result "0-1"]
[WhiteElo "2075"]
[BlackElo "1862"]
[PlyCount "106"]
[EventDate "2014.12.06"]

1. Nf3 e6 2. c4 d5 3. d4 Nf6 4. Nc3 dxc4 5. e3 c6 6. Bxc4 b5 7. Bd3 b4 8. Ne4
Nxe4 9. Bxe4 Ba6 10. Ne5 Qc7 11. Qc2 Bd6 12. Nxc6 Nd7 13. Bd2 Rc8 14. Rc1 Qb6
15. Qd1 O-O 16. Ne5 Rxc1 17. Bxc1 Bxe5 18. dxe5 Nxe5 19. f4 f5 20. Bc2 Ng4 21.
Qd4 Qb5 22. Bd1 Qc6 23. Qd2 Rc8 24. Bxg4 fxg4 25. Kf2 Qe4 26. Kg3 h5 27. h4 Bb7
28. Rg1 Kh7 29. Qd4 Qb1 30. Qd2 a5 31. Kh2 Be4 32. Qd4 Bxg2 33. Bd2 Bf1 34. e4
Qd3 35. Qxd3 Bxd3 36. Be3 Rc2+ 37. Rg2 Rc4 38. e5 Re4 39. Bb6 Rxf4 40. Bxa5 Be4
41. Re2 Bd5 42. a3 b3 43. Bc3 Kg6 44. Bd2 Rf1 45. Be1 Bf3 46. Re3 Rh1+ 47. Kg3
Kf5 48. Bc3 Rh3+ 49. Kf2 Rxh4 50. Re1 Rh2+ 51. Ke3 h4 52. a4 h3 53. a5 Re2+ 0-1

[Event "Championship Saratov region 2014"]
[Site "Saratov"]
[Date "2014.12.10"]
[Round "5.10"]
[White "Zhdanov, Petr"]
[Black "Stepanov, Nikolay"]
[Result "1-0"]
[WhiteElo "2060"]
[BlackElo "1602"]
[PlyCount "87"]
[EventDate "2014.12.06"]

1. e4 e5 2. Nf3 Nc6 3. d4 exd4 4. Nxd4 Nxd4 5. Qxd4 d6 6. Bc4 Qf6 7. Qd3 Qg6 8.
O-O Nf6 9. Nc3 Bd7 10. a4 Be7 11. f4 O-O 12. f5 Qh5 13. Rf3 Bc6 14. Rh3 Qg4 15.
Rg3 Bxe4 16. Qd4 Qxf5 17. Bh6 c5 18. Bxg7 cxd4 19. Bxf6+ Qg6 20. Nxe4 Qxg3 21.
hxg3 Bxf6 22. Nxf6+ Kg7 23. Nd5 Rac8 24. b3 Rfe8 25. Rd1 Re4 26. Kf2 Rc5 27.
Nf4 a6 28. Rh1 h6 29. Bd3 Ree5 30. Ne2 b5 31. axb5 axb5 32. Nxd4 b4 33. Rh4 Rh5
34. Rf4 d5 35. Nf5+ Kf6 36. Nxh6+ Ke7 37. Nf5+ Kd7 38. Rxb4 Rh8 39. Rb7+ Ke6
40. Nd4+ Kf6 41. Rb6+ Ke7 42. Nf5+ Kd7 43. Ke3 Rg8 44. Kd4 1-0

[Event "Championship Saratov region 2014"]
[Site "Saratov"]
[Date "2014.12.10"]
[Round "5.11"]
[White "Kavyev, Ruslan"]
[Black "Sudnik, Pavel"]
[Result "0-1"]
[WhiteElo "1854"]
[BlackElo "2032"]
[PlyCount "86"]
[EventDate "2014.12.06"]

1. e4 c5 2. Nf3 Nc6 3. d4 cxd4 4. Nxd4 e5 5. Nb5 a6 6. Nd6+ Bxd6 7. Qxd6 Qe7 8.
Qd1 Nf6 9. Nc3 h6 10. Be3 b5 11. Qd2 O-O 12. O-O-O Bb7 13. f3 Rfd8 14. Nd5 Nxd5
15. Qxd5 d6 16. Bb6 Nd4 17. Bxd8 Rxd8 18. Rxd4 Bxd5 19. Rxd5 f5 20. Kb1 fxe4
21. fxe4 Qh4 22. Bd3 Qf2 23. a4 Qxg2 24. Rd1 bxa4 25. h4 Qf2 26. Rxe5 dxe5 27.
Bc4+ Kh7 28. Rxd8 Qxh4 29. Bg8+ Kg6 30. Rd6+ Kg5 31. Bd5 a5 32. c4 Qe1+ 33. Ka2
Qb4 34. Re6 Qb3+ 35. Ka1 a3 36. bxa3 Qxa3+ 37. Kb1 Qb3+ 38. Kc1 Qc3+ 39. Kd1 a4
40. c5 a3 41. c6 a2 42. c7 a1=Q+ 43. Ke2 Qae1# 0-1

[Event "Championship Saratov region 2014"]
[Site "Saratov"]
[Date "2014.12.10"]
[Round "5.12"]
[White "Vdovin, Sergey"]
[Black "Brekhov, Denis"]
[Result "1/2-1/2"]
[WhiteElo "1792"]
[BlackElo "1949"]
[PlyCount "104"]
[EventDate "2014.12.06"]

1. d4 Nf6 2. Nc3 d5 3. Bf4 c6 4. Qd2 Bf5 5. f3 e6 6. g4 Bg6 7. h4 h6 8. e3 Bd6
9. Nh3 Qc7 10. Bd3 Bxd3 11. cxd3 Nbd7 12. Rc1 Bxf4 13. Nxf4 Qb6 14. Kf2 O-O-O
15. g5 hxg5 16. hxg5 Rxh1 17. Rxh1 Ng8 18. Rh7 e5 19. Nfe2 exd4 20. Nxd4 c5 21.
Ndb5 a6 22. Nxd5 Qxb5 23. Rxg7 Nb6 24. Rxg8 Nxd5 25. Rxd8+ Kxd8 26. a3 b6 27.
d4 cxd4 28. Qxd4 Qc5 29. Qxc5 bxc5 30. Ke2 Kd7 31. Kd3 Nb6 32. e4 a5 33. b3 Kd6
34. f4 Ke6 35. f5+ Ke5 36. Kc3 Kd6 37. g6 fxg6 38. fxg6 Ke7 39. e5 Kf8 40. e6
Kg7 41. e7 Nd5+ 42. Kc4 Nxe7 43. Kxc5 Kxg6 44. Kb5 Kf6 45. Kxa5 Ke6 46. Kb6 Kd6
47. a4 Nd5+ 48. Kb5 Nc3+ 49. Ka5 Kc6 50. Kb4 Nd5+ 51. Kc4 Nb6+ 52. Kb4 Nd5+
1/2-1/2

[Event "Championship Saratov region 2014"]
[Site "Saratov"]
[Date "2014.12.10"]
[Round "5.14"]
[White "Khatkevich, Alexandr"]
[Black "Machkalyan, Karen"]
[Result "1-0"]
[WhiteElo "2049"]
[BlackElo "1769"]
[PlyCount "31"]
[EventDate "2014.12.06"]

1. e4 c5 2. Nf3 e6 3. c4 Nf6 4. Nc3 a6 5. a3 d6 6. d4 cxd4 7. Nxd4 Qc7 8. Be3
b6 9. Be2 Bb7 10. f3 Nc6 11. Rc1 Be7 12. Nd5 exd5 13. cxd5 Rc8 14. dxc6 Ba8 15.
Bxa6 Rb8 16. Nb5 1-0

[Event "Championship Saratov region 2014"]
[Site "Saratov"]
[Date "2014.12.10"]
[Round "5.15"]
[White "Gitelson, Arkady"]
[Black "Raisov, Idris"]
[Result "0-1"]
[WhiteElo "1854"]
[BlackElo "2049"]
[PlyCount "174"]
[EventDate "2014.12.06"]

1. Nf3 Nf6 2. g3 g6 3. Bg2 Bg7 4. O-O O-O 5. d4 d5 6. c4 c6 7. cxd5 cxd5 8. Nc3
Nc6 9. Ne5 e6 10. Nxc6 bxc6 11. Na4 Nd7 12. Bf4 Ba6 13. Rc1 Rc8 14. Re1 Re8 15.
e4 Qa5 16. b3 Qb4 17. Be3 Bf8 18. f4 dxe4 19. Bxe4 c5 20. Bf2 c4 21. bxc4 Rxc4
22. Rxc4 Bxc4 23. Qc2 Bb5 24. Nc5 Nf6 25. Rb1 Qc4 26. Qxc4 Bxc4 27. Bf3 Bxa2
28. Ra1 Bd5 29. Bxd5 Nxd5 30. Rxa7 Rc8 31. Kg2 Rc7 32. Rxc7 Nxc7 33. Kf3 f6 34.
Ke4 Kf7 35. Be1 Bd6 36. Ba5 Nd5 37. Nb7 Ke7 38. Nxd6 Kxd6 39. g4 f5+ 40. Kf3
Nf6 41. gxf5 gxf5 42. Bd8 Ne4 43. Ba5 Kd5 44. Ke3 Nf6 45. h3 Kc4 46. Be1 Nd5+
47. Kf3 Kxd4 48. Bf2+ Kd3 49. Bc5 Nf6 50. Bd6 Ne4 51. Be5 Kd2 52. Bb8 Kd3 53.
Be5 Nd2+ 54. Kg3 Ke4 55. Bc7 Nf3 56. Bb6 h5 57. Bc7 e5 58. fxe5 f4+ 59. Kf2
Nxe5 60. Bb6 Nd3+ 61. Kg2 Ne1+ 62. Kf2 Nf3 63. Bc7 Ng5 64. h4 Nf3 65. Bd8 Ne5
66. Bb6 Ng4+ 67. Kg2 Ne3+ 68. Kf2 Nf5 69. Bd8 f3 70. Bg5 Nd4 71. Be3 Ne2 72.
Bg5 Nf4 73. Bd8 Nd3+ 74. Kf1 Kf4 75. Bg5+ Kg3 76. Bf6 Nf4 77. Be5 Kg4 78. Bf6
Nh3 79. Bd8 Kg3 80. Bf6 Kg4 81. Bd8 Nf4 82. Kf2 Ne2 83. Bf6 Ng3 84. Bd8 Ne4+
85. Kf1 Kg3 86. Bg5 f2 87. Bh6 Kf3 0-1

[Event "Championship Saratov region 2014"]
[Site "Saratov"]
[Date "2014.12.10"]
[Round "5.16"]
[White "Upolovnev, Vladimir"]
[Black "Kavyev, Emil"]
[Result "1/2-1/2"]
[WhiteElo "1909"]
[BlackElo "1714"]
[PlyCount "58"]
[EventDate "2014.12.06"]

1. Nc3 d5 2. e4 d4 3. Nce2 e5 4. d3 Bg4 5. f3 Be6 6. f4 f6 7. Nf3 Nd7 8. Ng3
Bb4+ 9. Bd2 Bxd2+ 10. Qxd2 c5 11. Be2 Ne7 12. fxe5 Nxe5 13. Nxe5 fxe5 14. O-O
Ng6 15. Nh5 Qe7 16. c3 O-O-O 17. b4 cxb4 18. cxb4 Kb8 19. Rf2 Rc8 20. a4 Rc3
21. b5 Bb3 22. Bd1 Bxd1 23. Qxd1 Rhc8 24. h3 Qg5 25. Kh2 Nf4 26. Nxf4 exf4 27.
Qf3 Qg3+ 28. Qxg3 fxg3+ 29. Kxg3 Rxd3+ 1/2-1/2

[Event "Championship Saratov region 2014"]
[Site "Saratov"]
[Date "2014.12.10"]
[Round "5.17"]
[White "Golbraikh, Leonid"]
[Black "Gagarkine, Nikolay"]
[Result "1/2-1/2"]
[WhiteElo "1576"]
[BlackElo "1838"]
[PlyCount "169"]
[EventDate "2014.12.06"]

1. e4 g6 2. Nf3 Bg7 3. d4 d6 4. Bf4 Nd7 5. Bd3 c6 6. O-O Ngf6 7. Nc3 O-O 8. Qd2
Nh5 9. Bh6 f6 10. Bxg7 Nxg7 11. Bc4+ e6 12. a3 d5 13. Ba2 Qb6 14. b4 a5 15.
exd5 exd5 16. Na4 Qc7 17. Nc5 Nxc5 18. dxc5 Bg4 19. Nd4 Rae8 20. c4 dxc4 21.
Bxc4+ Kh8 22. Nc2 Bf5 23. Ne3 Rd8 24. Qc3 axb4 25. axb4 Qf4 26. Ra7 Bc8 27. Be2
Qd4 28. Qxd4 Rxd4 29. b5 cxb5 30. Bxb5 f5 31. c6 bxc6 32. Bxc6 f4 33. Nd1 Bg4
34. Ra1 f3 35. g3 Rc8 36. Ra8 Rxa8 37. Bxa8 Rd8 38. Be4 Rd4 39. Ba8 Rd8 40. Be4
Re8 41. Bc6 Rc8 42. Be4 Rc4 43. Bd5 Rd4 44. Ba8 Ne6 45. Ne3 Ng5 46. Nxg4 Rxg4
47. h4 Ra4 48. Bc6 Rc4 49. Ba8 Ra4 50. Bc6 Ra6 51. Bb7 Rb6 52. Ba8 Rb8 53. Bc6
Rc8 54. Bb7 Rc7 55. Ba8 Ra7 56. Bc6 Ra6 57. Bb7 Rb6 58. Ba8 Nf7 59. Bxf3 Ne5
60. Bg2 Rb2 61. Ba8 Kg7 62. Bg2 h6 63. Ra1 Nd3 64. Ra7+ Kf8 65. Be4 Nxf2 66.
Bxg6 Ng4 67. Bh5 Ne3 68. Rf7+ Kg8 69. Rf2 Rb1+ 70. Kh2 Kg7 71. Rf7+ Kg8 72. Rf2
Kg7 73. Rf7+ Kg8 74. Rf2 Rb5 75. g4 Rc5 76. Kg3 Rc7 77. Kf3 Nc4 78. g5 hxg5 79.
hxg5 Ne5+ 80. Ke4 Re7 81. Kd5 Nd3 82. Rf7 Re5+ 83. Kd4 Rxg5 84. Kxd3 Rxh5 85.
Rf1 1/2-1/2

[Event "Championship Saratov region 2014"]
[Site "Saratov"]
[Date "2014.12.10"]
[Round "5.19"]
[White "Tyapkin, Petr"]
[Black "Brineva, Elena G"]
[Result "1-0"]
[WhiteElo "1750"]
[BlackElo "1910"]
[PlyCount "65"]
[EventDate "2014.12.06"]

1. d4 c5 2. d5 d6 3. c4 Nf6 4. Nf3 g6 5. Nc3 Bg7 6. e4 Na6 7. h3 Nc7 8. Bd3 a6
9. a4 b6 10. O-O O-O 11. Qe2 Nd7 12. Bf4 Ne8 13. Rad1 e5 14. dxe6 fxe6 15. Bh2
Bb7 16. Bb1 e5 17. Nd5 Bxd5 18. cxd5 Nc7 19. Bd3 Bh6 20. Ne1 Qc8 21. Nc2 Rb8
22. Na3 Qb7 23. Qg4 Rf7 24. Nc4 Nf6 25. Qh4 Bf8 26. f4 b5 27. axb5 axb5 28. Na5
Qb6 29. Nc6 c4+ 30. Kh1 Re8 31. fxe5 cxd3 32. Bg1 Qb7 33. exf6 1-0

[Event "Championship Saratov region 2014"]
[Site "Saratov"]
[Date "2014.12.11"]
[Round "6.1"]
[White "Petukhov, Dmitry"]
[Black "Gluhenkii, Dmitry"]
[Result "1-0"]
[WhiteElo "2359"]
[BlackElo "2141"]
[PlyCount "82"]
[EventDate "2014.12.06"]

1. e4 e6 2. d4 d5 3. Nc3 Nf6 4. Bg5 Be7 5. e5 Nfd7 6. h4 h6 7. Bxe7 Qxe7 8. Rh3
O-O 9. Nge2 c5 10. f4 Nc6 11. Qd2 cxd4 12. Nxd4 f6 13. Bb5 fxe5 14. Nxc6 bxc6
15. Bxc6 Qc5 16. Bb5 Qg1+ 17. Bf1 Rxf4 18. Rf3 Rd4 19. Rd3 Rxh4 20. O-O-O Nf6
21. Nxd5 exd5 22. Rxd5 Qh2 23. Rd8+ Kh7 24. Ba6 Rd4 25. Bd3+ g6 26. Qa5 Rd7 27.
Rf1 Qh4 28. Rf8 e4 29. Bc4 e3 30. Qc3 Qd4 31. Rf7+ Kh8 32. Rxd7 Qxc3 33. Rd8+
Kg7 34. bxc3 Bb7 35. Rd6 Rf8 36. Rfxf6 Rxf6 37. Rd7+ Kf8 38. Rxb7 a5 39. Rb5
Rf2 40. Rxa5 Rxg2 41. Re5 Rg4 1-0

[Event "Championship Saratov region 2014"]
[Site "Saratov"]
[Date "2014.12.11"]
[Round "6.2"]
[White "Shlegin, Stanislav"]
[Black "Sanzhaev, Darsen"]
[Result "1/2-1/2"]
[WhiteElo "2336"]
[BlackElo "2344"]
[PlyCount "76"]
[EventDate "2014.12.06"]

1. e4 c5 2. Nf3 Nc6 3. Bb5 e6 4. O-O Nge7 5. Re1 a6 6. Bf1 d5 7. exd5 Nxd5 8.
d4 Nf6 9. Be3 Be7 10. c4 Ng4 11. d5 Nxe3 12. Rxe3 Bf6 13. Nc3 Nd4 14. dxe6 Bxe6
15. Ne4 Nxf3+ 16. Qxf3 Bd4 17. Rb3 Rb8 18. Rd1 b6 19. Ra3 O-O 20. Qf4 a5 21.
Rg3 Kh8 22. Bd3 f6 23. Qh4 f5 24. Ng5 Bg8 25. Qh5 g6 26. Qh4 Qf6 27. b3 Rbe8
28. Rh3 Re7 29. Bf1 Rd8 30. Rd2 Rdd7 31. Nf3 Qxh4 32. Nxh4 Kg7 33. Rhd3 Rd6 34.
Nf3 Red7 35. Nxd4 Rxd4 36. f4 Rxd3 37. Rxd3 Rxd3 38. Bxd3 Kf6 1/2-1/2

[Event "Championship Saratov region 2014"]
[Site "Saratov"]
[Date "2014.12.11"]
[Round "6.3"]
[White "Kruzhilin, Aleksey"]
[Black "Karpenko, Artem"]
[Result "1-0"]
[WhiteElo "2059"]
[BlackElo "2165"]
[PlyCount "105"]
[EventDate "2014.12.06"]

1. d4 d5 2. c4 c6 3. Nf3 Nf6 4. g3 Bf5 5. Nc3 e6 6. Nh4 Be4 7. f3 Bg6 8. Nxg6
hxg6 9. Qb3 Qc8 10. Be3 Bd6 11. Bf2 Nbd7 12. O-O-O O-O 13. Kb1 a5 14. e4 dxe4
15. fxe4 e5 16. d5 Bc5 17. Bxc5 Nxc5 18. Qc2 Rd8 19. Bg2 Rb8 20. Qf2 cxd5 21.
Nxd5 Nxd5 22. cxd5 b6 23. h4 Rd6 24. h5 Rf6 25. Qe2 g5 26. Bh3 Qa6 27. Qe3 Qc4
28. Bf5 Rd8 29. g4 Rfd6 30. Rhe1 Kf8 31. Rh1 Kg8 32. Rh2 Qa4 33. Rdd2 Qc4 34.
Rh1 Qb4 35. Rc1 a4 36. Rc3 Kf8 37. a3 Qb5 38. Qxg5 Qf1+ 39. Ka2 Nb3 40. Rxb3
axb3+ 41. Kxb3 Qb5+ 42. Ka2 Qc4+ 43. Kb1 Qf1+ 44. Ka2 b5 45. Rc2 Qf4 46. Qh4
Kg8 47. Qe7 Qh6 48. g5 Qxh5 49. Rc6 Qe2 50. Rc7 Qh5 51. g6 Rf8 52. gxf7+ Qxf7
53. Qxd6 1-0

[Event "Championship Saratov region 2014"]
[Site "Saratov"]
[Date "2014.12.11"]
[Round "6.4"]
[White "Biryukov, Dmitriy"]
[Black "Chekmareva, Liya"]
[Result "1-0"]
[WhiteElo "2278"]
[BlackElo "1948"]
[PlyCount "123"]
[EventDate "2014.12.06"]

1. e4 c5 2. b3 Nc6 3. Bb2 e6 4. Nf3 d5 5. exd5 exd5 6. Bb5 Qe7+ 7. Qe2 Qxe2+ 8.
Kxe2 Bd7 9. Bxc6 Bxc6 10. Ne5 Ne7 11. Nxc6 Nxc6 12. d3 O-O-O 13. Nd2 Re8+ 14.
Kd1 Bd6 15. Nf3 f6 16. Bc3 Re6 17. Re1 Rhe8 18. Rxe6 Rxe6 19. g3 Ne5 20. Nxe5
fxe5 21. Ke2 g5 22. Bd2 Be7 23. c4 d4 24. Kf3 Rf6+ 25. Ke2 Re6 26. f3 h5 27. h3
Kd7 28. Kf2 Bf6 29. Rc1 Be7 30. Rc2 Rg6 31. Bc1 Re6 32. Re2 Bf6 33. Kg2 Ra6 34.
f4 gxf4 35. gxf4 exf4 36. Bxf4 Re6 37. Rxe6 Kxe6 38. Kf3 a6 39. Ke4 Be7 40. Bd2
Bf6 41. Ba5 Be7 42. Bb6 Bd6 43. Ba5 Be7 44. a3 b5 45. b4 bxc4 46. dxc4 Bd6 47.
bxc5 Bxc5 48. a4 Kd6 49. Bd8 Ke6 50. Bg5 Bb6 51. Bc1 Kd6 52. Bb2 Bd8 53. Bxd4
Be7 54. Kf5 h4 55. Kg4 Kc6 56. Bf2 a5 57. Bxh4 Bxh4 58. Kxh4 Kc5 59. Kg4 Kb4
60. h4 Kxa4 61. h5 Kb4 62. h6 1-0

[Event "Championship Saratov region 2014"]
[Site "Saratov"]
[Date "2014.12.11"]
[Round "6.5"]
[White "Kvitka, Roman"]
[Black "Efimov, Ivan"]
[Result "1-0"]
[WhiteElo "2140"]
[BlackElo "2157"]
[PlyCount "79"]
[EventDate "2014.12.06"]

1. d4 Nf6 2. c4 e6 3. g3 d5 4. Bg2 Be7 5. Nf3 O-O 6. O-O dxc4 7. Ne5 c5 8. dxc5
Bxc5 9. Nxc4 Nc6 10. Nc3 Qe7 11. Bg5 h6 12. Bxf6 Qxf6 13. Bxc6 bxc6 14. Ne4 Qd4
15. Nxc5 Qxc4 16. Nd3 Ba6 17. Qd2 Rfd8 18. Rfd1 Rd5 19. Qe3 Qd4 20. Qxd4 Rxd4
21. Rac1 Rd6 22. Kf1 Rad8 23. Ke1 Kf8 24. Nc5 Rxd1+ 25. Rxd1 Rxd1+ 26. Kxd1 Bc8
27. Kd2 Ke7 28. Kc3 e5 29. Kc4 f5 30. e3 Kd6 31. b4 Kc7 32. f4 Kd6 33. a3 g5
34. h3 exf4 35. exf4 gxf4 36. gxf4 Kc7 37. Kd4 Kb6 38. Ke3 a5 39. Nb3 axb4 40.
axb4 1-0

[Event "Championship Saratov region 2014"]
[Site "Saratov"]
[Date "2014.12.11"]
[Round "6.6"]
[White "Lysenkov, Alexandr"]
[Black "Zhdanov, Petr"]
[Result "1/2-1/2"]
[WhiteElo "2113"]
[BlackElo "2060"]
[PlyCount "155"]
[EventDate "2014.12.06"]

1. d4 Nf6 2. c4 g6 3. Nf3 Bg7 4. Nc3 d5 5. Bf4 O-O 6. e3 c5 7. Be2 dxc4 8. Bxc4
cxd4 9. exd4 Bg4 10. Be2 Nc6 11. Be3 Nd5 12. Qd2 Nxe3 13. fxe3 Bh6 14. h3 Bxf3
15. Bxf3 e5 16. d5 Nd4 17. O-O Rc8 18. Rae1 Qb6 19. Qf2 Nf5 20. Nd1 Rc1 21. g4
Rxd1 22. Bxd1 Bxe3 23. Rxe3 Nxe3 24. Re1 Nxd5 25. Qxb6 Nxb6 26. Rxe5 Rd8 27.
Bb3 Kf8 28. Rc5 Ke7 29. Kf2 Kd6 30. Rc3 Ke7 31. Rc5 Rd7 32. h4 Kd6 33. Rc3 Ke5
34. Ke3 Re7 35. a4 Nd5+ 36. Bxd5 Kxd5+ 37. Kf3 b6 38. b3 f5 39. gxf5 gxf5 40.
h5 Ke5 41. a5 bxa5 42. Rc5+ Kf6 43. Rxa5 Rb7 44. b4 h6 45. b5 Kg5 46. Kg3 Kxh5
47. Kf4 Kg6 48. Ra6+ Kg7 49. Kxf5 Rxb5+ 50. Kg4 Rb7 51. Kh5 Rf7 52. Rg6+ Kf8
53. Rxh6 Ke7 54. Ra6 Kd8 55. Kg6 Rc7 56. Kf6 Kc8 57. Ke6 Kb7 58. Ra1 Rc2 59.
Kd5 Rb2 60. Kc5 a6 61. Ra3 Rc2+ 62. Kb4 Kb6 63. Rc3 a5+ 64. Kb3 Rg2 65. Rh3 Rg5
66. Ka3 Kb5 67. Rf3 Re5 68. Rh3 Rd5 69. Rg3 a4 70. Rh3 Rd1 71. Rh5+ Kc4 72.
Rh4+ Kb5 73. Rh5+ Kc4 74. Rh4+ Kb5 75. Rh5+ Kc4 76. Rh4+ Rd4 77. Rxd4+ Kxd4 78.
Kxa4 1/2-1/2

[Event "Championship Saratov region 2014"]
[Site "Saratov"]
[Date "2014.12.11"]
[Round "6.7"]
[White "Palin, Denis"]
[Black "Sudnik, Pavel"]
[Result "1/2-1/2"]
[WhiteElo "2108"]
[BlackElo "2032"]
[PlyCount "59"]
[EventDate "2014.12.06"]

1. c4 e5 2. Nc3 Nc6 3. g3 f5 4. Bg2 Nf6 5. e3 Be7 6. Nge2 O-O 7. O-O d6 8. d3
Re8 9. a3 Bf8 10. Qc2 Ne7 11. Nd5 Ng6 12. e4 c6 13. Nxf6+ Qxf6 14. exf5 Bxf5
15. Nc3 Qe6 16. Nd5 Qd7 17. Ne3 Bh3 18. b4 Bxg2 19. Kxg2 d5 20. cxd5 cxd5 21.
Qb3 Rad8 22. Bb2 Kh8 23. d4 e4 24. Qd1 Qf7 25. Rc1 Bd6 26. Kg1 Ne7 27. f3 exf3
28. Qxf3 Qxf3 29. Rxf3 Rf8 30. Kg2 1/2-1/2

[Event "Championship Saratov region 2014"]
[Site "Saratov"]
[Date "2014.12.11"]
[Round "6.8"]
[White "Fedukin, Alexandre"]
[Black "Khatkevich, Alexandr"]
[Result "0-1"]
[WhiteElo "1862"]
[BlackElo "2049"]
[PlyCount "102"]
[EventDate "2014.12.06"]

1. c4 e6 2. Nf3 Nf6 3. d4 d5 4. g3 Be7 5. Bg2 O-O 6. Qa4 Bd7 7. Qb3 dxc4 8.
Qxc4 Bc6 9. Nc3 Nbd7 10. b4 Nb6 11. Qb3 Bxf3 12. Bxf3 Qxd4 13. Rb1 Nbd5 14.
Nxd5 Nxd5 15. O-O c6 16. Rd1 Qb6 17. Bd2 a6 18. e4 Nf6 19. Be3 Qc7 20. a4 Rac8
21. Qc3 Nd7 22. Bf4 e5 23. Bg4 Rcd8 24. Be3 Nf6 25. Bf3 Rxd1+ 26. Rxd1 Rd8 27.
Rc1 Qd6 28. Rd1 Qe6 29. Rxd8+ Bxd8 30. Bc1 Bb6 31. Qc2 Ng4 32. Bxg4 Qxg4 33.
Kg2 Bd4 34. f3 Qe6 35. g4 b5 36. axb5 axb5 37. Bg5 h6 38. Bh4 Qc4 39. Qd2 Bc3
40. Qd1 Bxb4 41. g5 hxg5 42. Qd8+ Bf8 43. Bxg5 Qe6 44. Be3 Qd6 45. Qe8 b4 46.
f4 exf4 47. Bc1 Qe6 48. Qxe6 fxe6 49. Bxf4 b3 50. Bc1 Bb4 51. Kf3 Bc3 0-1

[Event "Championship Saratov region 2014"]
[Site "Saratov"]
[Date "2014.12.11"]
[Round "6.9"]
[White "Raisov, Idris"]
[Black "Dmitriev, Igor"]
[Result "0-1"]
[WhiteElo "2049"]
[BlackElo "2279"]
[PlyCount "170"]
[EventDate "2014.12.06"]

1. Nf3 a6 2. g3 b5 3. Bg2 Bb7 4. O-O Nf6 5. d3 d6 6. e4 Nbd7 7. Nbd2 g6 8. a4
Bg7 9. axb5 axb5 10. Rxa8 Qxa8 11. Nb3 O-O 12. Bd2 e5 13. Qe2 c5 14. Ra1 Qb8
15. Nh4 Nb6 16. Bc1 Bc8 17. Qe1 Na4 18. Na5 Bd7 19. b3 Nb6 20. b4 Qc7 21. bxc5
dxc5 22. Bd2 Rc8 23. Bf1 Ne8 24. Ng2 Nd6 25. Ne3 Be6 26. f3 Re8 27. c4 Rb8 28.
Rb1 b4 29. Ra1 Ndc8 30. Nb3 Bf8 31. Ra6 Qb7 32. Qa1 Ra8 33. Rxa8 Qxa8 34. Qxa8
Nxa8 35. Nd5 Ncb6 36. Nxb6 Nxb6 37. Be3 Nd7 38. Be2 f6 39. Bd1 Kf7 40. Kf2 Ke8
41. Ke1 Kd8 42. Kd2 Kc7 43. Kc1 Kb6 44. Kb2 Nb8 45. Na1 Nc6 46. Nb3 Bd7 47. Bc2
Nd8 48. Bd1 Bh3 49. Be2 Ne6 50. Kc2 Bd6 51. Kb2 h5 52. Nd2 f5 53. Bf1 Bxf1 54.
Nxf1 f4 55. Bf2 Bf8 56. Nd2 fxg3 57. hxg3 Bh6 58. Nb3 Bg5 59. Kc2 Kc6 60. Kd1
Be7 61. Be3 g5 62. g4 h4 63. Ke2 Kb6 64. Bg1 Nd8 65. Bh2 Nc6 66. Kd2 Bd6 67.
Kc2 Kc7 68. Kb2 Kd7 69. Kc2 Ke6 70. Kb2 Nd4 71. Nd2 Kd7 72. Bg1 Kc6 73. Bh2 h3
74. Bg3 Kb6 75. Bh2 Kc6 76. Bg3 Kd7 77. Bh2 Ke6 78. Bg3 Kf6 79. Bh2 Bc7 80. Bg3
Bb6 81. Bh2 b3 82. Bg3 Ba5 83. Nf1 Nxf3 84. Kxb3 Nd2+ 85. Nxd2 Bxd2 0-1

[Event "Championship Saratov region 2014"]
[Site "Saratov"]
[Date "2014.12.11"]
[Round "6.10"]
[White "Tatarinov, Andrey"]
[Black "Guliev, Gasan"]
[Result "0-1"]
[WhiteElo "1625"]
[BlackElo "2064"]
[PlyCount "50"]
[EventDate "2014.12.06"]

1. Nf3 Nf6 2. c4 g6 3. g3 Bg7 4. Bg2 O-O 5. O-O d6 6. Nc3 e5 7. d3 Nc6 8. Rb1
h6 9. b4 Be6 10. b5 Ne7 11. Nd2 Qc8 12. Re1 Bh3 13. Bh1 Ng4 14. Nb3 f5 15. e3
g5 16. Nd5 Nxd5 17. Bxd5+ Kh8 18. Qf3 e4 19. dxe4 c6 20. bxc6 bxc6 21. Bxc6 Ne5
22. Qd1 Qxc6 23. f4 Qxe4 24. Re2 Nf3+ 25. Kf2 Qxb1 0-1